00530nam a22001337a 4500008004100000082001800041245014100059260003700200300001000237710002400247942001200271999001500283952009800298230612b xxu||||| |||| 00| 0 eng d a352.4908bKEN aThe Appropriation Accounts and Other Public Accounts Details Excluding Accounts of the Funds for the Year2001/2002cGovernment of Kenya aKenyabGovernment of Kenyac2002 a798 p bGovernment of Kenya 2ddccBK c1086d1086 00102ddc4070a001b001d2023-06-12l0o352.4908 KENp100001571r2023-06-12w2023-06-12yBK